000 00306nam a22001217a 4500
008 230703b xxu||||| |||| 00| 0 eng d
020 _a0185727207
082 _a346.67
_bWAN 1990
245 _aLand Law and Disputes in Kenya
260 _bOxford University Press
_c1990
300 _aIX,79p
942 _2ddc
_cBK
999 _c3189
_d3189